Директивы XIX съезда партии по пятому пятилетнему плану развития СССР на 1951-1955 годы (3-й пункт порядка дня съезда)

Bibliografske podrobnosti
Izvleček:К девятнадцатому съезду ВКП(б)
Jezik:ruščina
Izdano: Москва, Правда, 1952
Serija:Проект ЦК КПСС
Teme:
Format: MixedMaterials Knjiga
KOHA link:https://koha.lib.tpu.ru/cgi-bin/koha/opac-detail.pl?biblionumber=349778

MARC

LEADER 00000nam0a2200000 4500
001 349778
005 20231102010233.0
035 |a (RuTPU)RU\TPU\retro\2732 
090 |a 349778 
100 |a 20180903d1952 k y0rusy50 ca 
101 0 |a rus 
102 |a RU 
105 |a y z 000zy 
200 1 |a Директивы XIX съезда партии по пятому пятилетнему плану развития СССР на 1951-1955 годы (3-й пункт порядка дня съезда) 
210 |a Москва  |c Правда  |d 1952 
215 |a 32 с. 
225 1 |a Проект ЦК КПСС 
300 |a К девятнадцатому съезду ВКП(б) 
316 |5 63413507: КР-5727  |a На титульном листе владельческая подпись: "Бутаков" 
317 |5 63413507: КР-5727  |a Поступил в НТБ в 1970 г. в составе книжного собрания профессора ТПИ И. Н. Бутакова 
606 1 |a Пятилетние планы экономического развития СССР  |x История  |x Экономика  |2 stltpush  |3 (RuTPU)RU\TPU\subj\53306  |9 71621 
606 1 |a КПСС  |x Документы и материалы  |2 stltpush  |3 (RuTPU)RU\TPU\subj\14906  |9 41226 
610 1 |a народное хозяйство 
610 1 |a СССР 
610 1 |a 20 век 
610 1 |a плановая экономика 
610 1 |a Коммунистическая партия Советского Союза 
610 1 |a директивы 
610 1 |a библиотека И. Н. Бутакова 
610 1 |a владельческая надпись 
686 |a У9(2)239.7  |v LBC/SL-A  |2 rubbk 
686 |a Ф61(2)2.011.1  |v LBC/SL-A  |2 rubbk 
801 1 |a RU  |b 63413507  |c 20180903 
801 2 |a RU  |b 63413507  |c 20181229  |g RCR 
942 |c BK